000 00681nam a22002177a 4500
005 20260129034902.0
008 260129b |||||||| |||| 00| 0 eng d
020 _a978-621-4143-14-6
082 _aFic. Z11 2022
100 _aZaaaxy
_9118
245 _aApricity /
_cZaaaxy
260 _aQuezon City:
_bPSICOM Publishing,
_cc2022
300 _a319p.
490 _aCalle Nueva series;
_v1
541 _e7861 c.1
650 _aRomance fiction, Filipino
_9115
650 _aMan - woman relationship - Fiction, Filipino
_9116
650 _aFriendship - Fiction, Filipino
_9138
650 _aCollege students - Fiction, Filipino
_9139
650 _aNeighborhood - Fiction, Filipino
_9140
999 _c2482
_d2482